000 01847 a2200301 4500
005 20220902065822.0
008 200130t2020 xxu||||| |||| 001 0 eng d
020 _a9780520300095
020 _a0520300092
020 _a9780520300088
020 _a9780520971629
040 _aCO-BoUCM
_bspa
_cDeissy Garcia (modificó)
_dJohn Ramirez
041 0 _aeng
100 _aStinson, Philip Matthew
_999698
245 1 0 _aCriminology explains police violence
_cPhilip Matthew Stinson Sr.
260 _bUniversity of California press
_c2020
_aCalifornia
300 _a204 páginas
490 0 _aCriminology explains
_v1
504 _aIncluye referencias bibliográficas e índices
520 _aCriminology Explains Police Violence offers a concise and targeted overview of criminological theory applied to the phenomenon of police violence. In this engaging and accessible book, Philip M. Stinson, Sr. highlights the similarities and differences among criminological theories, and provides linkages across explanatory levels and across time and geography to explain police violence. This book is appropriate as a resource in criminology, policing, and criminal justice special topic courses, as well as a variety of violence and police courses such as policing, policing administration, police-community relations, police misconduct, and violence in society. Stinson uses examples from his own research to explore police violence, acknowledging the difficulty in studying the topic because violence is often seen as a normal part of policing.
546 _aInglés
650 1 7 _2Lemb
_910231
_aBrutalidad policial
650 1 7 _2Lemb
_912152
_aCriminología
650 1 7 _98343
_aAcción de justicia penal
650 1 7 _912743
_aDerecho de policía
942 _cLIBRO
_2DEWEY
_a8
_e1
_h364.2
_mS859c
_n0
999 _c317021
_d317021